00346nam a2200145Ia 4500003000500000008004100005020001800046040001900064082000700083100002000090245003300110260003700143300000800180546001200188STCL181203s9999 xx 000 0 und d a9781119009252 aSTCLbENcSTCL 222 aDamrosch, David 0aHow to Read World Literature bWiley BlackwellaNew Delhic2017 a205 aEnglish